<?xml version="1.0" encoding="UTF-8"?>
<record
    xmlns:xsi="http://www.w3.org/2001/XMLSchema-instance"
    xsi:schemaLocation="http://www.loc.gov/MARC21/slim http://www.loc.gov/standards/marcxml/schema/MARC21slim.xsd"
    xmlns="http://www.loc.gov/MARC21/slim">

  <leader>00491nam a22001697a 4500</leader>
  <controlfield tag="003">3228</controlfield>
  <controlfield tag="005">20250320114343.0</controlfield>
  <controlfield tag="008">250320b        sa ||||| |||| 00| 0 eng d</controlfield>
  <datafield tag="020" ind1=" " ind2=" ">
    <subfield code="a">9780199560240</subfield>
    <subfield code="q">pbk</subfield>
  </datafield>
  <datafield tag="040" ind1=" " ind2=" ">
    <subfield code="a">RDA</subfield>
    <subfield code="c">33228</subfield>
  </datafield>
  <datafield tag="082" ind1=" " ind2=" ">
    <subfield code="a">808.068 REYN</subfield>
  </datafield>
  <datafield tag="100" ind1=" " ind2=" ">
    <subfield code="a">Reynolds, Kimberley</subfield>
    <subfield code="9">192634</subfield>
  </datafield>
  <datafield tag="245" ind1=" " ind2=" ">
    <subfield code="a">Children's literature: A very short introduction</subfield>
  </datafield>
  <datafield tag="260" ind1=" " ind2=" ">
    <subfield code="a">Oxford:</subfield>
    <subfield code="b">Oxford University Press;</subfield>
    <subfield code="c">2011.</subfield>
  </datafield>
  <datafield tag="300" ind1=" " ind2=" ">
    <subfield code="a">144 pages:</subfield>
    <subfield code="b">Illustrations;</subfield>
    <subfield code="c">17.5 cm</subfield>
  </datafield>
  <datafield tag="942" ind1=" " ind2=" ">
    <subfield code="2">ddc</subfield>
    <subfield code="c">BOOK</subfield>
    <subfield code="w">162</subfield>
    <subfield code="x">Elsie Maluleke</subfield>
    <subfield code="y">162</subfield>
    <subfield code="z">Elsie Maluleke</subfield>
  </datafield>
  <datafield tag="999" ind1=" " ind2=" ">
    <subfield code="c">773330</subfield>
    <subfield code="d">773329</subfield>
  </datafield>
  <datafield tag="952" ind1=" " ind2=" ">
    <subfield code="0">0</subfield>
    <subfield code="1">0</subfield>
    <subfield code="2">ddc</subfield>
    <subfield code="4">0</subfield>
    <subfield code="7">0</subfield>
    <subfield code="a">MPSTL</subfield>
    <subfield code="b">MPSTL</subfield>
    <subfield code="c">Non_Fiction</subfield>
    <subfield code="d">2025-04-10</subfield>
    <subfield code="o">808.068 REYN</subfield>
    <subfield code="p">33228031103096</subfield>
    <subfield code="r">2025-04-10</subfield>
    <subfield code="w">2025-04-10</subfield>
    <subfield code="y">BOOK</subfield>
  </datafield>
  <datafield tag="952" ind1=" " ind2=" ">
    <subfield code="0">0</subfield>
    <subfield code="1">0</subfield>
    <subfield code="2">ddc</subfield>
    <subfield code="4">0</subfield>
    <subfield code="7">0</subfield>
    <subfield code="a">MPSTL</subfield>
    <subfield code="b">MPSTL</subfield>
    <subfield code="c">Non_Fiction</subfield>
    <subfield code="d">2025-04-10</subfield>
    <subfield code="o">808.068 REYN</subfield>
    <subfield code="p">33228031103094</subfield>
    <subfield code="r">2025-04-10</subfield>
    <subfield code="w">2025-04-10</subfield>
    <subfield code="y">BOOK</subfield>
  </datafield>
  <datafield tag="952" ind1=" " ind2=" ">
    <subfield code="0">0</subfield>
    <subfield code="1">0</subfield>
    <subfield code="2">ddc</subfield>
    <subfield code="4">0</subfield>
    <subfield code="7">0</subfield>
    <subfield code="a">MPSTL</subfield>
    <subfield code="b">MPSTL</subfield>
    <subfield code="c">Non_Fiction</subfield>
    <subfield code="d">2025-04-10</subfield>
    <subfield code="o">808.068 REYN</subfield>
    <subfield code="p">33228031103095</subfield>
    <subfield code="r">2025-04-10</subfield>
    <subfield code="w">2025-04-10</subfield>
    <subfield code="y">BOOK</subfield>
  </datafield>
  <datafield tag="952" ind1=" " ind2=" ">
    <subfield code="0">0</subfield>
    <subfield code="1">0</subfield>
    <subfield code="2">ddc</subfield>
    <subfield code="4">0</subfield>
    <subfield code="7">0</subfield>
    <subfield code="8">800</subfield>
    <subfield code="a">MBOMRL</subfield>
    <subfield code="b">EMTFL</subfield>
    <subfield code="c">Non_Fiction</subfield>
    <subfield code="d">2025-10-21</subfield>
    <subfield code="g">139.99</subfield>
    <subfield code="o">808.068 REYN</subfield>
    <subfield code="p">3228200051975</subfield>
    <subfield code="r">2025-10-21</subfield>
    <subfield code="w">2025-10-21</subfield>
    <subfield code="y">BOOK</subfield>
  </datafield>
  <datafield tag="952" ind1=" " ind2=" ">
    <subfield code="0">0</subfield>
    <subfield code="1">0</subfield>
    <subfield code="2">ddc</subfield>
    <subfield code="4">0</subfield>
    <subfield code="7">0</subfield>
    <subfield code="8">800</subfield>
    <subfield code="a">MBOMRL</subfield>
    <subfield code="b">EMTFL</subfield>
    <subfield code="c">Non_Fiction</subfield>
    <subfield code="d">2025-10-21</subfield>
    <subfield code="g">139.99</subfield>
    <subfield code="o">808.068 REYN</subfield>
    <subfield code="p">3228200051976</subfield>
    <subfield code="r">2025-10-21</subfield>
    <subfield code="w">2025-10-21</subfield>
    <subfield code="y">BOOK</subfield>
  </datafield>
  <datafield tag="952" ind1=" " ind2=" ">
    <subfield code="0">0</subfield>
    <subfield code="1">0</subfield>
    <subfield code="2">ddc</subfield>
    <subfield code="4">0</subfield>
    <subfield code="7">0</subfield>
    <subfield code="8">800</subfield>
    <subfield code="a">LYDEL</subfield>
    <subfield code="b">MASHL</subfield>
    <subfield code="c">Non_Fiction</subfield>
    <subfield code="d">2026-01-27</subfield>
    <subfield code="l">0</subfield>
    <subfield code="o">808.068 REYN</subfield>
    <subfield code="p">3228200024990</subfield>
    <subfield code="r">2026-01-27</subfield>
    <subfield code="w">2026-01-27</subfield>
    <subfield code="y">BOOK</subfield>
  </datafield>
  <datafield tag="952" ind1=" " ind2=" ">
    <subfield code="0">0</subfield>
    <subfield code="1">0</subfield>
    <subfield code="2">ddc</subfield>
    <subfield code="4">0</subfield>
    <subfield code="7">0</subfield>
    <subfield code="8">800</subfield>
    <subfield code="a">LYDEL</subfield>
    <subfield code="b">MASHL</subfield>
    <subfield code="c">Non_Fiction</subfield>
    <subfield code="d">2026-01-27</subfield>
    <subfield code="l">0</subfield>
    <subfield code="o">808.068 REYN</subfield>
    <subfield code="p">3228200024991</subfield>
    <subfield code="r">2026-01-27</subfield>
    <subfield code="w">2026-01-27</subfield>
    <subfield code="y">BOOK</subfield>
  </datafield>
  <datafield tag="952" ind1=" " ind2=" ">
    <subfield code="0">0</subfield>
    <subfield code="1">0</subfield>
    <subfield code="2">ddc</subfield>
    <subfield code="4">0</subfield>
    <subfield code="7">0</subfield>
    <subfield code="8">800</subfield>
    <subfield code="a">LYDEL</subfield>
    <subfield code="b">MASHL</subfield>
    <subfield code="c">Non_Fiction</subfield>
    <subfield code="d">2026-01-27</subfield>
    <subfield code="l">0</subfield>
    <subfield code="o">808.068 REYN</subfield>
    <subfield code="p">33228031025317</subfield>
    <subfield code="r">2026-01-27</subfield>
    <subfield code="w">2026-01-27</subfield>
    <subfield code="y">BOOK</subfield>
  </datafield>
</record>
